000 00382 a2200145 4500
005 20250730114311.0
008 250730b |||||||| |||| 00| 0 eng d
020 _a9798891330801
041 _aEnglish
100 _aTayade P.
_9212591
245 _a11th Hour Patent Master Key
_b: To Clear Indian Patent Agent Exam
260 _bNotion Press
_c2023
300 _a111
942 _cBK
999 _c367184
_d367184